Terapia cognitiva: conceptos básicos y profundización
Kaydedildi:
| Yazar: | |
|---|---|
| Materyal Türü: | Kitap |
| Dil: | İspanyolca |
| Baskı/Yayın Bilgisi: |
Barcelona
Gedisa
2000
|
| Edisyon: | 1a. ed |
| Seri Bilgileri: | Terapia Familiar
|
| Konular: | |
| Etiketler: |
Etiketle
Etiket eklenmemiş, İlk siz ekleyin!
|
MARC
| LEADER | 00000nam a2200000 a 4500 | ||
|---|---|---|---|
| 001 | UCJ0378 | ||
| 003 | CL-VaPUC | ||
| 008 | 060721e20000000SP |||||||||||||||||spa|d | ||
| 020 | |a 8474327350 | ||
| 082 | 0 | 4 | |a 616.89142 |b BEC |2 21 |
| 100 | 0 | |a Beck, Judith S |e author |9 500527 | |
| 245 | 1 | 0 | |a Terapia cognitiva: conceptos básicos y profundización |
| 250 | |a 1a. ed | ||
| 300 | |a 398 p | ||
| 942 | |c BK | ||
| 945 | |d 20060721 00:00:00 |a cmena | ||
| 260 | |a Barcelona |b Gedisa |c 2000 | ||
| 650 | 7 | |a TERAPIA COGNITIVA |2 CL-VaPUC |9 325063 | |
| 650 | 7 | |a PSICOTERAPIA |2 CL-VaPUC |9 500528 | |
| 650 | 0 | |a Terapia familiar |9 312193 | |
| 650 | 0 | |a Psicología clínica |9 307259 | |
| 583 | |a last modification |c 20130305 04:20:02 |k Rodrigo Vera | ||
| 490 | 0 | |a Terapia Familiar | |
| 999 | |c 317233 |d 317231 | ||
| 952 | |0 0 |1 0 |4 0 |6 616_891420000000000_BEC_2000 |7 0 |8 A |9 393278 |a BIBEDU |b BIBEDU |c ES_NOD |d 2019-11-22 |i 4194748 |l 1 |o 616.89142 BEC 2000 |p 4194748 |r 2023-11-03 |s 2023-11-03 |w 2019-11-22 |y BK |k PSI | ||